[Event "St Jean op"]
[Site "St Jean sur Richelieu"]
[Date "2004.06.26"]
[Round "3"]
[White "Leclair, Hugues"]
[Black "Sauve, Richard"]
[Result "0-1"]
[WhiteElo "1852"]
[BlackElo "2029"]
[PlyCount "82"]
[EventDate "2004.06.??"]
[EventType "swiss"]
[EventRounds "5"]
[EventCountry "CAN"]
[SourceTitle "EXT 2006"]
[Source "ChessBase"]
[SourceDate "2005.11.24"]
[SourceVersion "1"]
[SourceVersionDate "2005.11.24"]
[SourceQuality "1"]

1. d4 e6 2. c4 Nf6 3. Nf3 Bb4+ 4. Bd2 c5 5. e3 0-0 6. Bd3 Nc6 7. 0-0 d6 8. a3 Bxd2 9. Qxd2 e5 10. Nc3 Bg4 11. d5 Bxf3 12. gxf3 Ne7 13. Kh1 Ne8 14. Rg1 f5 15. Rg2 Ng6 16. Rag1 Rc8 17. Qc2 Nh4 18. Rg3 Kh8 19. Qd1 g6 20. f4 exf4 21. exf4 Ng7 22. Be2 Re8 23. Qf1 Qf6 24. Qh3 Kg8 25. Bd1 Re7 26. Re3 a6 27. Ne4 Qf8 28. Nxd6 Rxe3 29. fxe3 Qxd6 30. Qxh4 b5 31. b3 bxc4 32. bxc4 Rb8 33. Qf2 Qf6 34. Rg2 Ne8 35. Qa2 Nd6 36. Bf3 Qc3 37. Re2 Qc1+ 38. Kg2 Rb1 39. Rc2 Qg1+ 40. Kh3 Qxe3 41. Qxb1 Qxf3+ 0-1

[Event "St Jean op"]
[Site "St Jean sur Richelieu"]
[Date "2004.06.25"]
[Round "1"]
[White "Leclair, Hugues"]
[Black "Beaudoin, Stephane"]
[Result "1/2-1/2"]
[WhiteElo "1852"]
[BlackElo "2125"]
[PlyCount "111"]
[EventDate "2004.06.??"]
[EventType "swiss"]
[EventRounds "5"]
[EventCountry "CAN"]
[SourceTitle "EXT 2006"]
[Source "ChessBase"]
[SourceDate "2005.11.24"]
[SourceVersion "1"]
[SourceVersionDate "2005.11.24"]
[SourceQuality "1"]

1. d4 Nf6 2. c4 e6 3. Nf3 c5 4. Nc3 Be7 5. e3 0-0 6. Bd3 d6 7. 0-0 Nc6 8. Re1 Nd7 9. b3 e5 10. dxc5 Nxc5 11. Bb2 Nb4 12. Be2 Bf5 13. e4 Nxe4 14. Nxe4 Bxe4 15. Rf1 a5 16. a3 Na6 17. Bd3 Bxd3 18. Qxd3 Nc5 19. Qc2 Qb6 20. Rab1 Qc6 21. Rfe1 Ne6 22. Rbd1 Rae8 23. Qc3 b6 24. Qe3 Qc5 25. Qe4 f5 26. Qb1 Bf6 27. Qxf5 Nf4 28. Qe4 b5 29. cxb5 Qxb5 30. Qc4+ Qxc4 31. bxc4 Rb8 32. Bc3 Rb3 33. Bxa5 Rxa3 34. Bb4 Ra2 35. Bxd6 Re8 36. c5 Ne2+ 37. Kf1 Nc3 38. Ra1 Rxa1 39. Rxa1 e4 40. Nd2 Nb5 41. Re1 Bc3 42. Rxe4 Ra8 43. Nf3 Nxd6 44. cxd6 Rd8 45. Rc4 Bf6 46. Rc6 Kf7 47. Ke2 Ke6 48. Ke3 Rxd6 49. Rxd6+ Kxd6 50. Ke4 g6 51. h4 h5 52. Ng5 Bc3 53. f4 Ke7 54. Kf3 Be1 55. g3 Kf6 56. Ne4+ 1/2-1/2

[Event "Quebec op U2000"]
[Site "Montreal"]
[Date "2001.07.28"]
[Round "9"]
[White "Leclair, Hugues"]
[Black "Miron, Francois"]
[Result "1/2-1/2"]
[WhiteElo "1782"]
[BlackElo "1899"]
[PlyCount "145"]
[EventDate "2001.07.21"]
[EventType "swiss"]
[EventRounds "9"]
[EventCountry "CAN"]
[SourceTitle "EXT 2022"]
[Source "ChessBase"]
[SourceDate "2021.10.06"]
[SourceVersion "1"]
[SourceVersionDate "2021.10.06"]
[SourceQuality "1"]

1. e4 c5 2. d4 cxd4 3. f4 Nc6 4. Nf3 Qb6 5. Bd3 d6 6. 0-0 e5 7. Nbd2 Be7 8. Nc4 Qc7 9. f5 Nf6 10. Qe1 b5 11. Ncd2 a6 12. h3 d5 13. exd5 Nxd5 14. Ne4 Bxf5 15. Nxe5 Bxe4 16. Nxc6 Bxd3 17. Nxe7 Qxe7 18. Qxe7+ Kxe7 19. cxd3 Rhe8 20. Bd2 Rac8 21. Rae1+ Kf8 22. Rc1 Rxc1 23. Rxc1 Re2 24. Rc2 Ke8 25. Kf1 Re6 26. Rc5 Ne3+ 27. Bxe3 Rxe3 28. Rd5 Rxd3 29. Ke2 Re3+ 30. Kf2 Re4 31. Kf3 Re1 32. Rxd4 Rb1 33. Rd2 Ke7 34. a3 Ke6 35. Ke2 Ke5 36. Ke3 f5 37. Kf3 g5 38. Ke3 h5 39. Kf3 a5 40. Ke3 Re1+ 41. Kf3 Re4 42. Kf2 Rd4 43. Rc2 Rc4 44. Re2+ Kd4 45. Rd2+ Ke4 46. Re2+ Kd3 47. Re3+ Kc2 48. Re5 Rf4+ 49. Kg1 b4 50. axb4 axb4 51. Re2+ Kd3 52. Re5 b3 53. g3 Re4 54. Rxf5 Re1+ 55. Kf2 Re2+ 56. Kf3 g4+ 57. hxg4 hxg4+ 58. Kxg4 Rxb2 59. Rf3+ Kc2 60. Kf5 Ra2 61. Rf2+ Kc3 62. Rf3+ Kc4 63. Rf4+ Kc5 64. Rf1 b2 65. Rb1 Kc4 66. g4 Kc3 67. g5 Ra1 68. Rxb2 Kxb2 69. g6 Kc3 70. g7 Rg1 71. Kf6 Kd4 72. Kf7 Rf1+ 73. Ke7 1/2-1/2